Länder im Mittelmeerraum - Statistiken

Allgemein
  • Dieses Quiz wurde 201 mal gespielt
  • Das Durchschnittsergebnis liegt bei 19 aus 25
Antwortstatistiken
Entfernung Land % Korrekt
0 km Italien
98%
0 km Spanien
98%
0 km Kroatien
95%
0 km Frankreich
94%
0 km Griechenland
94%
0 km Marokko
93%
0 km Ägypten
92%
0 km Albanien
90%
0 km Türkei
90%
0 km Algerien
88%
0 km Malta
86%
0 km Tunesien
86%
0 km Libyen
84%
0 km Monaco
84%
0 km Israel
83%
0 km Montenegro
83%
0 km Slowenien
82%
0 km Zypern
82%
0 km Syrien
77%
0 km Libanon
73%
10 km San Marino
63%
22 km Vatikanstadt
58%
20 km Bulgarien
40%
0 km Bosnien & Herzegowina
26%
0 km Gibraltar (Großbritannien)
5%
Keine übereinstimmenden Quizze gefunden
Verteilung der Resultate
Anzahl Personen mit jedem Resultat
Perzentil nach korrekt beantworteten Fragen
Ihre Resultats-Entwicklung
Sie haben dieses Quiz noch nicht gespielt